| 000 | 01383nam a2200325Ia 4500 | ||
|---|---|---|---|
| 001 | ebr5003601 | ||
| 003 | CaPaEBR | ||
| 006 | m u | ||
| 007 | cr cn||||||||| | ||
| 008 | 020424r20011926cau s 000 0 eng d | ||
| 020 | _z1589760301 (pbk.) | ||
| 020 | _z158976031X (eBook) | ||
| 040 |
_aCaPaEBR _cCaPaEBR |
||
| 035 | _a(OCoLC)70764700 | ||
| 041 | 1 |
_aeng _hfre |
|
| 050 | 1 | 4 |
_aDT189 _b.K5 2001eb |
| 100 | 1 |
_aKhun de Prorok, Byron, _d1896- |
|
| 245 | 1 | 0 |
_aDigging for lost African gods _h[electronic resource] : _bthe record of five years archaeological excavation in North Africa / _cby Byron Khun de Prorok ; [with notes and translations by Edgar Fletcher Allen]. |
| 246 | 3 | 0 | _aArchaeological excavation in North Africa |
| 260 |
_aSanta Barbara, Calif. : _bNarrative Press, _cc2001. |
||
| 300 | _a259 p. | ||
| 500 | _aReprint of 1925 edition. | ||
| 533 |
_aElectronic reproduction. _bPalo Alto, Calif. : _cebrary, _d2009. _nAvailable via World Wide Web. _nAccess may be limited to ebrary affiliated libraries. |
||
| 650 | 0 |
_aExcavations (Archaeology) _zAfrica, North. |
|
| 651 | 0 |
_aAfrica, North _xDescription and travel. |
|
| 651 | 0 |
_aAfrica, North _xAntiquities. |
|
| 655 | 7 |
_aElectronic books. _2local |
|
| 710 | 2 | _aebrary, Inc. | |
| 856 | 4 | 0 |
_uhttp://site.ebrary.com/lib/rucke/Doc?id=5003601 _zAn electronic book accessible through the World Wide Web; click to view |
| 999 |
_c196 _d196 |
||